000 00362nam a22001337a 4500
003 SGT
020 _a9789388183451
082 _a301.2
_bR18K
100 _aकमलेश
245 _aरुसी संस्कृति: उद्भव और विनाश
260 _bराजकमल प्रकाशन
_c2018
300 _a317
942 _2ddc
_cBK
999 _c29349
_d29349